Perceptions of SIS alumni on the effectiveness of SIS's academic program in preparing students for college / (Record no. 96251)
[ view plain ]
| 000 -LEADER | |
|---|---|
| fixed length control field | 00418nam a2200121 a 4500 |
| 005 - DATE AND TIME OF LATEST TRANSACTION | |
| control field | 20140408090019.0 |
| 008 - FIXED-LENGTH DATA ELEMENTS--GENERAL INFORMATION | |
| fixed length control field | 021118s19uu xx 00 eng d |
| 050 ## - LIBRARY OF CONGRESS CALL NUMBER | |
| Classification number | PHS '99 |
| Item number | P26 #42 c.1 |
| 050 ## - LIBRARY OF CONGRESS CALL NUMBER | |
| Classification number | PHS '99 |
| Item number | P26 #42 c.2 |
| 100 ## - MAIN ENTRY--PERSONAL NAME | |
| Personal name | Pascual, Janine David |
| 245 ## - TITLE STATEMENT | |
| Title | Perceptions of SIS alumni on the effectiveness of SIS's academic program in preparing students for college / |
| Statement of responsibility, etc | Janine David Pascual. |
| 942 ## - ADDED ENTRY ELEMENTS (KOHA) | |
| Koha item type | PASS |
| Withdrawn status | Lost status | Damaged status | Home library | Current library | Shelving location | Date acquired | Source of acquisition | Total Checkouts | Full call number | Barcode | Date last seen | Price effective from | Koha item type |
|---|---|---|---|---|---|---|---|---|---|---|---|---|---|
| Luxembourg Library | Luxembourg Library | Portfolio Assessment of SISC Students Section | 11/18/2002 | PHS '99 P26 #42 c.1 | P0181 | 04/08/2014 | 04/08/2014 | PASS | |||||
| Luxembourg Library | Luxembourg Library | Portfolio Assessment of SISC Students Section | 06/02/2003 | PHS '99 P26 #42 c.2 | P0189 | 04/08/2014 | 04/08/2014 | PASS |